000
00355nam a2200133Ia 4500
008
191206s9999 xx 000 0 und d
020
_a
0736052089 (pbk.)
090
_a
GV361.S42
245
0
_a
Senior physical education
260
_a
Human Kinetics
260
_c
cc2004
300
_a
"xi, 212 p. : col. ill. ; 30 cm."
999
_c
16879
_d
16879